[Event "Titled Tuesday intern op 13th Aug Early"]
[Site "Chess.com INT"]
[Date "2024.08.13"]
[Round "6"]
[White "Bobkov, Vadim"]
[Black "Dowgird, Filip"]
[Result "1-0"]
[WhiteElo "2253"]
[BlackElo "2348"]
[PlyCount "77"]
[EventDate "2024.08.13"]
[EventType "swiss (blitz)"]
[EventRounds "11"]
[EventCountry "USA"]
[SourceTitle "EXT 2025"]
[Source "ChessBase"]
[SourceDate "2024.10.14"]
[SourceVersion "1"]
[SourceVersionDate "2024.10.14"]
[SourceQuality "1"]

1. d4 d6 2. c4 e5 3. Nf3 Nd7 4. Nc3 Ngf6 5. Bg5 Be7 6. e3 c6 7. Bd3 0-0 8. Qc2 h6 9. h4 exd4 10. exd4 Re8 11. 0-0-0 d5 12. c5 b6 13. cxb6 axb6 14. Rdg1 b5 15. g4 b4 16. Na4 Ne4 17. Be3 Nb6 18. Nxb6 Qxb6 19. Ne5 Rxa2 20. Qxc6 Ra1+ 21. Bb1 Qd8 22. f3 Nd6 23. Kd2 Ra6 24. Qc2 f5 25. Qb3 Nc4+ 26. Nxc4 dxc4 27. Qxc4+ Kh8 28. Bxf5 Bxf5 29. Qxa6 Bc8 30. Qc4 Bf8 31. Re1 Bb7 32. Bf4 Bxf3 33. Rxe8 Qxe8 34. Re1 Qa8 35. Qf7 Bc6 36. g5 b3 37. gxh6 Bb4+ 38. Ke2 Bb5+ 39. Ke3 1-0

[Event "Titled Tuesday intern op 13th Aug Early"]
[Site "Chess.com INT"]
[Date "2024.08.13"]
[Round "1"]
[White "Dowgird, Filip"]
[Black "Stoettner, Lukas"]
[Result "1-0"]
[WhiteElo "2348"]
[BlackElo "2202"]
[PlyCount "81"]
[EventDate "2024.08.13"]
[EventType "swiss (blitz)"]
[EventRounds "11"]
[EventCountry "USA"]
[SourceTitle "EXT 2025"]
[Source "ChessBase"]
[SourceDate "2024.10.14"]
[SourceVersion "1"]
[SourceVersionDate "2024.10.14"]
[SourceQuality "1"]

1. d4 d5 2. Bf4 Nf6 3. e3 c5 4. c3 Nc6 5. Nd2 e6 6. Ngf3 Be7 7. Bd3 Nh5 8. Be5 Nxe5 9. dxe5 g6 10. Qe2 Ng7 11. e4 Qc7 12. 0-0 Bd7 13. Rfe1 Bc6 14. a4 a6 15. Qe3 0-0 16. Qh6 dxe4 17. Bxe4 Bxe4 18. Nxe4 Nf5 19. Qh3 Kg7 20. g4 Nh6 21. Qg3 Rad8 22. Re3 Rd5 23. c4 Rd7 24. h3 Rfd8 25. b3 Rd3 26. Rae1 b5 27. axb5 axb5 28. Qf4 bxc4 29. bxc4 Rxe3 30. Rxe3 Rd1+ 31. Kg2 Rb1 32. Ra3 Rb4 33. Nd6 Qd7 34. Ra8 Rb6 35. Ne8+ Kf8 36. Nf6+ Qd8 37. Rxd8+ Bxd8 38. Nd7+ Kg7 39. Nxb6 Bxb6 40. Qf6+ Kg8 41. Qe7 1-0

[Event "Titled Tuesday intern op 13th Aug Early"]
[Site "Chess.com INT"]
[Date "2024.08.13"]
[Round "3"]
[White "Guha, Rohit"]
[Black "Dowgird, Filip"]
[Result "0-1"]
[WhiteElo "2154"]
[BlackElo "2348"]
[PlyCount "82"]
[EventDate "2024.08.13"]
[EventType "swiss (blitz)"]
[EventRounds "11"]
[EventCountry "USA"]
[SourceTitle "EXT 2025"]
[Source "ChessBase"]
[SourceDate "2024.10.14"]
[SourceVersion "1"]
[SourceVersionDate "2024.10.14"]
[SourceQuality "1"]

1. Nf3 d6 2. e4 Nf6 3. Nc3 Bg4 4. d4 c6 5. Be2 e6 6. 0-0 d5 7. e5 Nfd7 8. h3 Bh5 9. a4 a6 10. Bf4 c5 11. dxc5 Bxc5 12. Nd4 Bg6 13. Bh2 Bxd4 14. Qxd4 Bxc2 15. Rac1 Nc6 16. Qg4 Bg6 17. f4 0-0 18. Kh1 Nd4 19. Bg1 h5 20. Qg3 Nf5 21. Qe1 h4 22. Bf2 Rc8 23. Bg4 Nc5 24. Bxf5 Bxf5 25. Bxh4 Qd7 26. Qg3 d4 27. Bf6 Bg6 28. Rcd1 gxf6 29. exf6 Qd8 30. Qh4 Nd7 31. Rxd4 Qxf6 32. Qf2 Nc5 33. g4 Rfd8 34. Rxd8+ Qxd8 35. f5 exf5 36. gxf5 Bh7 37. Rg1+ Kh8 38. Qg3 Qf6 39. Nd5 Qd4 40. Ne7 Ne4 41. Qf3 Rc2 0-1

[Event "Titled Tuesday intern op 30th Jul Early"]
[Site "Chess.com INT"]
[Date "2024.07.30"]
[Round "1"]
[White "Dowgird, Filip"]
[Black "Akopian, Robert"]
[Result "1/2-1/2"]
[WhiteElo "2348"]
[BlackElo "1880"]
[PlyCount "131"]
[EventDate "2024.07.30"]
[EventType "swiss (blitz)"]
[EventRounds "11"]
[EventCountry "USA"]
[SourceTitle "EXT 2025"]
[Source "ChessBase"]
[SourceDate "2024.10.14"]
[SourceVersion "1"]
[SourceVersionDate "2024.10.14"]
[SourceQuality "1"]

1. d4 Nf6 2. Bf4 c5 3. e3 d6 4. c3 g6 5. dxc5 dxc5 6. Qxd8+ Kxd8 7. Na3 Nbd7 8. Nf3 Bg7 9. h3 Ne4 10. Bd3 Nd6 11. 0-0-0 e5 12. Bg5+ f6 13. Bh4 Kc7 14. Nb5+ Nxb5 15. Bxb5 a6 16. Be2 b5 17. Rd2 Bb7 18. Rhd1 Bc6 19. Bg3 g5 20. Ne1 Rhd8 21. f4 gxf4 22. exf4 Bh6 23. Bf3 e4 24. Bg4 Nb6 25. Nc2 Rxd2 26. Rxd2 Nc4 27. Re2 Rd8 28. b3 Nd6 29. Ne3 Kb6 30. Kc2 a5 31. Bh4 Bg7 32. Nf5 Nxf5 33. Bxf5 Re8 34. Bf2 b4 35. g3 h6 36. Be3 Bf8 37. Rd2 Kc7 38. g4 Be7 39. Bg6 Rd8 40. Bf5 Rxd2+ 41. Kxd2 Kd6 42. Bg6 a4 43. f5 axb3 44. axb3 Bd5 45. Kc2 c4 46. cxb4 cxb3+ 47. Kc3 Kc6 48. Be8+ Kb7 49. Ba4 b2 50. Bc2 Bxb4+ 51. Kxb4 Ba2 52. Bxe4+ Kc7 53. Bxh6 b1Q+ 54. Bxb1 Bxb1 55. Bg7 Be4 56. Bxf6 Bg2 57. Be5+ Kd7 58. Kc5 Bxh3 59. g5 Bxf5 60. Kd4 Ke6 61. Bf6 Kf7 62. Ke3 Kg6 63. Kf4 Bb1 64. Be7 Bf5 65. Bf6 Bb1 66. Be7 1/2-1/2

[Event "Titled Tuesday intern op 23rd Jul Early"]
[Site "Chess.com INT"]
[Date "2024.07.23"]
[Round "1"]
[White "Brancaleoni, Maurizio"]
[Black "Dowgird, Filip"]
[Result "0-1"]
[WhiteElo "2180"]
[BlackElo "2348"]
[PlyCount "88"]
[EventDate "2024.07.23"]
[EventType "swiss (blitz)"]
[EventRounds "11"]
[EventCountry "USA"]
[SourceTitle "EXT 2025"]
[Source "ChessBase"]
[SourceDate "2024.10.14"]
[SourceVersion "1"]
[SourceVersionDate "2024.10.14"]
[SourceQuality "1"]

1. Nf3 d6 2. d4 Nf6 3. Nc3 c6 4. e4 Bg4 5. h3 Bh5 6. Qe2 e6 7. g4 Bg6 8. h4 h6 9. e5 Nd5 10. Ne4 dxe5 11. Nxe5 Bxe4 12. Qxe4 Nd7 13. Bd2 Nxe5 14. dxe5 Qb6 15. Rb1 Bc5 16. Rh2 h5 17. g5 g6 18. c4 Nb4 19. a3 Na6 20. b4 Be7 21. c5 Qd8 22. Bxa6 bxa6 23. Bc3 Qd5 24. Qxd5 exd5 25. f4 0-0-0 26. Bd4 Rhe8 27. Kf2 Bf8 28. Kf3 Kd7 29. Rhb2 Rb8 30. a4 Rb7 31. b5 axb5 32. axb5 Reb8 33. bxc6+ Kxc6 34. Rxb7 Rxb7 35. Ra1 Rb3+ 36. Ke2 Kb7 37. c6+ Kxc6 38. Rxa7 Rb7 39. Ra6+ Kd7 40. Rf6 Ke8 41. Kd3 Be7 42. Ra6 Kd7 43. Ra5 Ke6 44. Bc3 Rd7 0-1